000
00478nam a2200181Ia 4500
008
090124s9999 xx 000 0 und d
082
_b
15337
_a
2004
100
_a
गांगल वसंत
245
_a
छायाराणी
250
_a
1
260
_c
1964
300
_a
93
600
_a
गांगल वसंत
630
_a
छायाराणी
700
_a
गांगल वसंत
730
_a
छायाराणी
942
_c
BOOK
999
_c
129277
_d
129277